ល្បិចឆ្កែចចក / (Record no. 8987)

MARC details
000 -LEADER
fixed length control field 02173nam a22002897a 4500
001 - CONTROL NUMBER
control field 8987
003 - CONTROL NUMBER IDENTIFIER
control field FISKH
005 - DATE AND TIME OF LATEST TRANSACTION
control field 20260402112705.0
008 - FIXED-LENGTH DATA ELEMENTS--GENERAL INFORMATION
fixed length control field 251112b cb ||||| |||| 00| 0 eng d
020 ## - INTERNATIONAL STANDARD BOOK NUMBER
International Standard Book Number 9789996336164
040 ## - CATALOGING SOURCE
Original cataloging agency FISKH
Language of cataloging khr
Transcribing agency FISKH
Modifying agency FISKH
050 ## - LIBRARY OF CONGRESS CALL NUMBER
Classification number PZ7
082 ## - DEWEY DECIMAL CLASSIFICATION NUMBER
Classification number 398.2452
100 ## - MAIN ENTRY--PERSONAL NAME
Personal name Reaksmei, Am
245 ## - TITLE STATEMENT
Title ល្បិចឆ្កែចចក /
Statement of responsibility, etc. និពន្ធនិងវិចិត្រកររូបភាពដោយ លោក​ អាំ រស្មី
260 ## - PUBLICATION, DISTRIBUTION, ETC.
Place of publication, distribution, etc. Phnom Penh :
Name of publisher, distributor, etc. Room to Read ,
Date of publication, distribution, etc. 2011.
300 ## - PHYSICAL DESCRIPTION
Extent 14 pages :
Other physical details color illustrations ;
Dimensions 27 cm .
505 ## - FORMATTED CONTENTS NOTE
Formatted contents note J <br/>
520 ## - SUMMARY, ETC.
Summary, etc. កុកដ៏ឆ្លាតបញ្ឆោតឆ្កែចចកដ៏ស្រេកឃ្លានដែលមានបំនងចង់សុីកូនឈ្លូសជាអាហារ ។​ ឆ្កែចចកមានការខឹងសម្បារយ៉ាងខ្លាំងនៅពេលដែលដឹងថាចាញ់ល្បិចកលរបស់សត្វកុក ។​ វាក៏ប្រើល្បិចបបួលឈ្លូសនិងកុកទៅចូលរួមពិធីជប់លៀងនៅផ្ទះរបស់វា ព្រោះវាមានបំនងចង់សុីសាច់សត្វកុកនិងឈ្លូសេជាអាហារ ។ តើកុកនិងឈ្លូសអាចរួចផុតពីបំនងអាក្រក់របស់ឆ្កែចចកបានដែរឫទេ ?
520 ## - SUMMARY, ETC.
Summary, etc. A clever ergret tricks a hungry wolf out of his meal of a musk deer . Angry at the egret, the wolf crafts a plan to invite both of the egret and the musk deet to his house for a party in hopes that he will soon enjoy an even larger meal . Can the egret and the musk deer save themselves when they discover the wolf's intent ?
521 8# - TARGET AUDIENCE NOTE
Target audience note 480 <br/>
Source Lexile estimate <br/>
521 8# - TARGET AUDIENCE NOTE
Target audience note J <br/>
Source Raz-Plus <br/>
650 ## - SUBJECT ADDED ENTRY--TOPICAL TERM
Topical term or geographic name entry element ល្បិចឆ្កែចចក​
Form subdivision រឿងនិទានកុមារ​
650 ## - SUBJECT ADDED ENTRY--TOPICAL TERM
Topical term or geographic name entry element Wolf's trick
Form subdivision Children's Stories
942 ## - ADDED ENTRY ELEMENTS (KOHA)
Source of classification or shelving scheme Dewey Decimal Classification
Koha item type Khmer Books
Suppress in OPAC No
Holdings
Withdrawn status Lost status Source of classification or shelving scheme Damaged status Not for loan Collection Home library Current library Shelving location Date acquired Total Checkouts Full call number Barcode Date last seen Copy number Price effective from Koha item type
    Dewey Decimal Classification     Khmer Language Books / សៀវភៅភាសាខ្មែរ Footprints International School Library Network Toul Tom Poung Campus Footprints International School Library Network Toul Tom Poung Campus TTP Primary Khmer Bookshelves 11/12/2025   REA PZ 7398.2452 FISBK04112 11/12/2025 1 11/12/2025 Khmer Books
    Dewey Decimal Classification     Khmer Language Books / សៀវភៅភាសាខ្មែរ Footprints International School Library Network Toul Tom Poung Campus Footprints International School Library Network Toul Tom Poung Campus TTP Primary Khmer Bookshelves 11/12/2025   REA PZ 7398.2452 FISBK04155 11/12/2025 2 11/12/2025 Khmer Books
    Dewey Decimal Classification     Khmer Language Books / សៀវភៅភាសាខ្មែរ Footprints International School Library Network Toul Tom Poung Campus Footprints International School Library Network Toul Tom Poung Campus TTP Primary Khmer Bookshelves 04/02/2026   REA PZ 7398.2452 2026-0440 04/02/2026 3 04/02/2026 Khmer Books